000 00635nam a2200205Ia 4500
001 16874
003 GE_BSU
008 181216s||||||||xx |||||||||||||| ||und||
040 _cGE_BSU
080 _a821.353.1-1 + 821.353.1-11
100 _aბერულავა, ხუტა
245 _aლექსები, პოემები.
245 _cრედ.რ.სირაძე
260 _aთბილისი
260 _bსაბჭ. საქართველო
260 _c1988
300 _a654გვ. ; 21სმ. 1.პორტრ.
653 _aლექსები, პოემები
942 _cBK
999 _c49938
_d49938